[Event "Moravia-Silesia Region-chT 2223"]
[Site "Czech Republic"]
[Date "2023.04.02"]
[Round "11"]
[White "Siwek, Antonin"]
[Black "Zimniok, Lubomir"]
[Result "1/2-1/2"]
[WhiteElo "1813"]
[BlackElo "2070"]
[PlyCount "46"]
[EventDate "2022.10.09"]
[EventType "team-tourn"]
[EventRounds "11"]
[EventCountry "CZE"]
[SourceTitle "EXT 2024"]
[Source "ChessBase"]
[SourceDate "2023.10.10"]
[SourceVersion "1"]
[SourceVersionDate "2023.10.10"]
[SourceQuality "1"]
[WhiteTeam "Senov"]
[BlackTeam "Karvina"]
[WhiteTeamCountry "CZE"]
[BlackTeamCountry "CZE"]

1. Nf3 Nf6 2. g3 d6 3. d4 g6 4. b3 Bg7 5. Bb2 0-0 6. Bg2 c6 7. 0-0 Nbd7 8. c4 Ne4 9. Nc3 Ndf6 10. Nd2 Nxc3 11. Bxc3 Bg4 12. h3 Be6 13. Qc2 d5 14. Rad1 Rc8 15. Rfe1 Qd7 16. Kh2 Qc7 17. e4 dxe4 18. Nxe4 Bf5 19. Nxf6+ Bxf6 20. Qe2 Rfe8 21. Bb2 h5 22. d5 Bxb2 23. Qxb2 cxd5 1/2-1/2

[Event "CZE-chT2F 2122"]
[Site "Czech Republic"]
[Date "2021.11.07"]
[Round "2.8"]
[White "Siwek, Antonin"]
[Black "Vanicek, Michal"]
[Result "0-1"]
[WhiteElo "1866"]
[BlackElo "1840"]
[PlyCount "90"]
[EventDate "2021.10.17"]
[EventType "team-tourn"]
[EventRounds "11"]
[EventCountry "CZE"]
[SourceTitle "EXT 2024"]
[Source "ChessBase"]
[SourceDate "2023.10.10"]
[SourceVersion "1"]
[SourceVersionDate "2023.10.10"]
[SourceQuality "1"]
[WhiteTeam "Havirov Slovan"]
[BlackTeam "Frydek Mistek III"]
[WhiteTeamCountry "CZE"]
[BlackTeamCountry "CZE"]

1. Nf3 c5 2. b3 Nc6 3. Bb2 Nf6 4. e3 g6 5. Be2 Bg7 6. 0-0 0-0 7. c4 d5 8. cxd5 Nxd5 9. Bxg7 Kxg7 10. Qc1 Qd6 11. Nc3 b6 12. Rd1 Bb7 13. d4 Nf6 14. Nb5 Qb8 15. dxc5 a6 16. Nbd4 Rc8 17. Qa3 bxc5 18. Qxc5 Ne4 19. Nxc6 Bxc6 20. Qd4+ f6 21. Rac1 Nd6 22. Qb2 a5 23. Nd4 Bb7 24. Rxc8 Qxc8 25. Rc1 Qd7 26. Bf3 a4 27. b4 a3 28. Qb3 Ne4 29. Rc7 Qd5 30. Rxe7+ Kf8 31. Rxe4 Qxb3 32. Nxb3 Bxe4 33. Bxe4 Ra4 34. Kf1 Rxb4 35. Ke2 Rxe4 36. Kd3 Rb4 37. Kc3 Rb8 38. Nd4 Rb2 39. Nc2 Rxa2 40. Kb3 Rb2+ 41. Kc3 Ke7 42. h3 Kd6 43. Nxa3 Rxf2 44. Kd4 Rxg2 45. Nc4+ Ke6 0-1

[Event "CZE-chT2F 1920"]
[Site "Czech Republic"]
[Date "2020.01.26"]
[Round "7.8"]
[White "Siwek, Antonin"]
[Black "Maj, Svatopluk"]
[Result "1/2-1/2"]
[WhiteElo "1883"]
[BlackElo "1896"]
[PlyCount "108"]
[EventDate "2019.10.13"]
[EventType "team-tourn"]
[EventRounds "11"]
[EventCountry "CZE"]
[SourceTitle "EXT 2024"]
[Source "ChessBase"]
[SourceDate "2023.10.10"]
[SourceVersion "1"]
[SourceVersionDate "2023.10.10"]
[SourceQuality "1"]
[WhiteTeam "Havirov Slovan"]
[BlackTeam "Vrbno pod Pradedem"]
[WhiteTeamCountry "CZE"]
[BlackTeamCountry "CZE"]

1. Nf3 c5 2. c4 Nc6 3. Nc3 Nf6 4. g3 e6 5. Bg2 d5 6. cxd5 Nxd5 7. d3 Be7 8. 0-0 0-0 9. Bd2 b6 10. Rc1 Bb7 11. a3 h6 12. Qa4 Rc8 13. b4 Nxc3 14. Rxc3 a6 15. bxc5 Bxc5 16. e3 Ne7 17. d4 b5 18. Qc2 Bxa3 19. Ng5 hxg5 20. Bxb7 Rxc3 21. Qxc3 b4 22. Qc5 a5 23. e4 Qd7 24. Ba6 Rb8 25. Bxg5 Ng6 26. Rd1 Qa4 27. Be2 b3 28. Qc7 Ra8 29. Qb7 Rf8 30. Bb5 Qb4 31. Rb1 b2 32. Be3 Qb3 33. Qa6 Bb4 34. Qc6 Ne7 35. Ba4 Qc3 36. Qxc3 Bxc3 37. Kf1 Rb8 38. Ke2 e5 39. d5 Rb4 40. Bc2 a4 41. Bc5 a3 42. Bxb4 Bxb4 43. Bb3 Nc8 44. Rd1 Nd6 45. Ba2 Nb5 46. Rd3 Kf8 47. Kd1 Nc3+ 48. Rxc3 Bxc3 49. Kc2 Bb4 50. Kb3 Bd6 51. Kc4 Ke7 52. Kb5 Kd7 53. Bb1 Kc7 54. h3 Be7 1/2-1/2

[Event "CZE-chT2F 1920"]
[Site "Czech Republic"]
[Date "2020.01.12"]
[Round "6.8"]
[White "Hurta, Jiri"]
[Black "Siwek, Antonin"]
[Result "1/2-1/2"]
[WhiteElo "1770"]
[BlackElo "1883"]
[PlyCount "25"]
[EventDate "2019.10.13"]
[EventType "team-tourn"]
[EventRounds "11"]
[EventCountry "CZE"]
[SourceTitle "EXT 2024"]
[Source "ChessBase"]
[SourceDate "2023.10.10"]
[SourceVersion "1"]
[SourceVersionDate "2023.10.10"]
[SourceQuality "1"]
[WhiteTeam "Ostrava Labortech II"]
[BlackTeam "Havirov Slovan"]
[WhiteTeamCountry "CZE"]
[BlackTeamCountry "CZE"]

1. c3 Nf6 2. Nf3 d5 3. d4 e6 4. Bf4 Bd6 5. Bg3 0-0 6. e3 Re8 7. Nbd2 b6 8. Bd3 Bb7 9. 0-0 Bxg3 10. hxg3 Nbd7 11. Ne5 Nxe5 12. dxe5 Nd7 13. f4 1/2-1/2

[Event "Tatry op"]
[Site "Tatranske Zruby"]
[Date "2012.09.24"]
[Round "2"]
[White "Siwek, Antonin"]
[Black "Vohnout, Pavel"]
[Result "0-1"]
[WhiteElo "1923"]
[BlackElo "2002"]
[PlyCount "72"]
[EventDate "2012.09.23"]
[EventType "swiss"]
[EventRounds "9"]
[EventCountry "SVK"]
[SourceTitle "CBM 150 Extra"]
[Source "ChessBase"]
[SourceDate "2012.10.19"]
[SourceVersion "1"]
[SourceVersionDate "2012.10.19"]
[SourceQuality "1"]

1. Nf3 c5 2. c4 Nc6 3. Nc3 g6 4. g3 Bg7 5. Bg2 d6 6. 0-0 e5 7. d3 Nge7 8. Bg5 0-0 9. Rb1 Be6 10. e4 h6 11. Bxe7 Nxe7 12. b4 Qd7 13. Ne1 Rab8 14. Nd5 Bxd5 15. cxd5 cxb4 16. Rxb4 b5 17. Nf3 a5 18. Rb1 Rfc8 19. Qd2 b4 20. Rfc1 Rxc1+ 21. Rxc1 Rc8 22. Bf1 Rxc1 23. Qxc1 Qc8 24. Qxc8+ Nxc8 25. Nd2 Bf6 26. Be2 Bd8 27. Bd1 Nb6 28. Nc4 a4 29. Na5 b3 30. axb3 a3 31. b4 a2 32. Nb3 Bg5 33. f4 exf4 34. Na1 Bf6 35. Nb3 fxg3 36. hxg3 a1Q 0-1

[Event "CZE-chT2F 1112"]
[Site "Czech Republic"]
[Date "2012.04.22"]
[Round "11.55"]
[White "Kudla, Richard"]
[Black "Siwek, Antonin"]
[Result "0-1"]
[WhiteElo "1974"]
[BlackElo "1912"]
[PlyCount "78"]
[EventDate "2011.10.09"]
[EventType "team-tourn"]
[EventRounds "11"]
[EventCountry "CZE"]
[SourceTitle "EXT 2013"]
[Source "ChessBase"]
[SourceDate "2012.11.22"]
[SourceVersion "1"]
[SourceVersionDate "2012.11.22"]
[SourceQuality "1"]
[WhiteTeam "Poruba VOKD"]
[BlackTeam "Havirov"]
[WhiteTeamCountry "CZE"]
[BlackTeamCountry "CZE"]

1. e4 c5 2. c3 d5 3. exd5 Qxd5 4. d4 e5 5. dxe5 Qxe5+ 6. Be3 Nf6 7. Nf3 Qc7 8. Bc4 Bd6 9. Na3 a6 10. Ng5 0-0 11. Nxf7 Rxf7 12. Bxf7+ Kxf7 13. Nc4 Be7 14. Qd2 Nc6 15. Bf4 Qd8 16. Qe2 Bg4 17. f3 Be6 18. Rd1 Qe8 19. 0-0 b5 20. Nd6+ Bxd6 21. Rxd6 Na5 22. Re1 Bd7 23. Qd1 Qc8 24. Rxf6+ gxf6 25. Qd5+ Be6 26. Qe4 f5 27. Qe5 Nc4 28. Qe2 Qe8 29. b3 Nb6 30. Qf2 Nd5 31. Be5 Qe7 32. Qg3 Rg8 33. Qh3 Nf6 34. Rd1 Rg6 35. f4 Qb7 36. g3 h6 37. Rd8 Qf3 38. Rd6 Ng4 39. Rxa6 Bd5 0-1

[Event "Tatry op"]
[Site "Tatranske Zruby"]
[Date "2011.09.26"]
[Round "2"]
[White "Kebis, Milos"]
[Black "Siwek, Antonin"]
[Result "1-0"]
[WhiteElo "2008"]
[BlackElo "1912"]
[PlyCount "61"]
[EventDate "2011.09.25"]
[EventType "swiss"]
[EventRounds "9"]
[EventCountry "SVK"]
[SourceTitle "CBM 144 Extra"]
[Source "ChessBase"]
[SourceDate "2011.10.28"]
[SourceVersion "1"]
[SourceVersionDate "2011.10.28"]
[SourceQuality "1"]

1. Nf3 Nf6 2. d4 d5 3. c4 c6 4. e3 e6 5. Nc3 Nbd7 6. Bd3 dxc4 7. Bxc4 b5 8. Bd3 a6 9. 0-0 Bb7 10. e4 Be7 11. Re1 0-0 12. e5 Nd5 13. Ne4 h6 14. Qe2 Re8 15. Bd2 Nf8 16. Rac1 Rc8 17. a3 f5 18. exf6 Nxf6 19. Bf4 c5 20. Nxc5 Bxf3 21. Qxf3 Qxd4 22. Be5 Qd5 23. Qxd5 Nxd5 24. Nxa6 b4 25. a4 Bg5 26. Rc4 Rxc4 27. Bxc4 Rc8 28. b3 Nb6 29. Bb5 Bd2 30. Rd1 Rc2 31. Bd3 1-0

[Event "Tatry op"]
[Site "Tatranske Zruby"]
[Date "2011.09.25"]
[Round "1"]
[White "Siwek, Antonin"]
[Black "Gettler, Daniel"]
[Result "1/2-1/2"]
[WhiteElo "1912"]
[BlackElo "1999"]
[PlyCount "70"]
[EventDate "2011.09.25"]
[EventType "swiss"]
[EventRounds "9"]
[EventCountry "SVK"]
[SourceTitle "CBM 144 Extra"]
[Source "ChessBase"]
[SourceDate "2011.10.28"]
[SourceVersion "1"]
[SourceVersionDate "2011.10.28"]
[SourceQuality "1"]

1. d4 f5 2. c4 Nf6 3. Nc3 g6 4. g3 Bg7 5. Bg2 0-0 6. Nf3 c6 7. 0-0 d6 8. d5 Kh8 9. e3 e5 10. dxe6 Na6 11. Nd4 Nc5 12. Qc2 Nxe6 13. Nxe6 Bxe6 14. b3 Qe7 15. Bb2 Rad8 16. Rad1 Rd7 17. Rd2 Qf7 18. Rfd1 Rfd8 19. Ba3 d5 20. cxd5 Nxd5 21. Nxd5 Bxd5 22. Bxd5 Rxd5 23. Rxd5 Rxd5 24. Rxd5 Qxd5 25. Bb2 g5 26. h3 h5 27. Bd4 b6 28. Qc4 Qd7 29. Bxg7+ Kxg7 30. Kf1 Qd1+ 31. Kg2 Qd6 32. Qd4+ Qxd4 33. exd4 g4 34. hxg4 hxg4 35. f3 gxf3+ 1/2-1/2

[Event "CZE-chT2F 1011"]
[Site "Czech Republic"]
[Date "2011.02.20"]
[Round "8.6"]
[White "Siwek, Antonin"]
[Black "Holeksa, Zdenek"]
[Result "0-1"]
[WhiteElo "1936"]
[BlackElo "2156"]
[PlyCount "64"]
[EventDate "2010.10.17"]
[EventType "team-tourn"]
[EventRounds "11"]
[EventCountry "CZE"]
[SourceTitle "EXT 2012"]
[Source "ChessBase"]
[SourceDate "2011.11.24"]
[SourceVersion "1"]
[SourceVersionDate "2011.11.24"]
[SourceQuality "1"]
[WhiteTeam "Senov"]
[BlackTeam "Dobra"]
[WhiteTeamCountry "CZE"]
[BlackTeamCountry "CZE"]

1. d4 Nf6 2. Nf3 e6 3. g3 b5 4. Bg2 Bb7 5. 0-0 c5 6. c3 Be7 7. Re1 0-0 8. Nbd2 d5 9. Ne5 b4 10. dxc5 bxc3 11. bxc3 Nc6 12. Nxc6 Bxc6 13. c4 Rc8 14. cxd5 Nxd5 15. Bb2 Bxc5 16. Nb3 Qb6 17. Bd4 Bxd4 18. Qxd4 Rfd8 19. Reb1 Nc3 20. Qxb6 Nxe2+ 21. Kf1 Bxg2+ 22. Kxg2 axb6 23. Kf1 Nc3 24. Rc1 Na4 25. Rxc8 Rxc8 26. Rd1 g6 27. Rd7 Rc2 28. Rb7 Rxa2 29. Nd4 Rb2 30. Nf3 Nc5 31. Rb8+ Kg7 32. Ne5 Ne4 0-1

[Event "CZE-chT2F 1011"]
[Site "Czech Republic"]
[Date "2011.01.23"]
[Round "6.6"]
[White "Suchanek, Miroslav"]
[Black "Siwek, Antonin"]
[Result "1-0"]
[WhiteElo "2013"]
[BlackElo "1936"]
[PlyCount "95"]
[EventDate "2010.10.17"]
[EventType "team-tourn"]
[EventRounds "11"]
[EventCountry "CZE"]
[SourceTitle "EXT 2012"]
[Source "ChessBase"]
[SourceDate "2011.11.24"]
[SourceVersion "1"]
[SourceVersionDate "2011.11.24"]
[SourceQuality "1"]
[WhiteTeam "Benesov"]
[BlackTeam "Senov"]
[WhiteTeamCountry "CZE"]
[BlackTeamCountry "CZE"]

1. d4 Nf6 2. Nf3 d5 3. c4 e6 4. Nc3 Nbd7 5. g3 c6 6. Bg2 Be7 7. 0-0 0-0 8. Ne5 Nxe5 9. dxe5 Nd7 10. f4 f5 11. a3 Nb6 12. cxd5 cxd5 13. b4 Kh8 14. Be3 Bd7 15. Bd4 a6 16. e3 Nc4 17. g4 g6 18. Nxd5 exd5 19. e6+ Bf6 20. g5 Bxe6 21. Bxf6+ Rxf6 22. gxf6 Qxf6 23. Qd4 Kg7 24. Qxf6+ Kxf6 25. Kf2 Nd2 26. Rfd1 Ne4+ 27. Bxe4 fxe4 28. Rac1 a5 29. b5 h5 30. Rc7 Rb8 31. Rdc1 g5 32. fxg5+ Kxg5 33. Rg7+ Kh4 34. b6 Rf8+ 35. Ke2 Bg4+ 36. Kd2 Rf2+ 37. Kc3 Ra2 38. Kb3 Re2 39. Rc3 Rxh2 40. Ka4 Rh3 41. Rxb7 d4 42. Rc4 Bd1+ 43. Kxa5 Rxe3 44. Rxd4 Bf3 45. a4 Kg3 46. Rg7+ Kf2 47. b7 Rb3 48. Rb4 1-0

[Event "CZE-chT2F 1011"]
[Site "Czech Republic"]
[Date "2010.12.05"]
[Round "4.6"]
[White "Filipik, Jaroslav"]
[Black "Siwek, Antonin"]
[Result "1/2-1/2"]
[WhiteElo "2077"]
[BlackElo "1936"]
[PlyCount "56"]
[EventDate "2010.10.17"]
[EventType "team-tourn"]
[EventRounds "11"]
[EventCountry "CZE"]
[SourceTitle "EXT 2012"]
[Source "ChessBase"]
[SourceDate "2011.11.24"]
[SourceVersion "1"]
[SourceVersionDate "2011.11.24"]
[SourceQuality "1"]
[WhiteTeam "Unicov"]
[BlackTeam "Senov"]
[WhiteTeamCountry "CZE"]
[BlackTeamCountry "CZE"]

1. d4 Nf6 2. c4 e6 3. Nf3 b6 4. g3 Bb7 5. Bg2 Bb4+ 6. Bd2 Be7 7. Nc3 0-0 8. Qc2 d5 9. cxd5 exd5 10. Ne5 Nbd7 11. f4 c5 12. e3 Re8 13. 0-0 a6 14. Bh3 Nf8 15. Bg2 Ne6 16. Qd3 cxd4 17. exd4 Nxd4 18. Be3 Ne6 19. Rad1 Bc5 20. Bf2 Bxf2+ 21. Rxf2 Nc5 22. Qb1 Qc7 23. Nxd5 Nxd5 24. Bxd5 Bxd5 25. Rxd5 Rad8 26. Rfd2 Rxd5 27. Rxd5 Rd8 28. Qd1 Rxd5 1/2-1/2

[Event "Tatry op"]
[Site "Tatranske Zruby"]
[Date "2010.10.09"]
[Round "9"]
[White "Siwek, Antonin"]
[Black "Budinsky, Jozef"]
[Result "0-1"]
[WhiteElo "1936"]
[BlackElo "2029"]
[PlyCount "66"]
[EventDate "2010.10.02"]
[EventType "swiss"]
[EventRounds "9"]
[EventCountry "SVK"]
[SourceTitle "CBM 138 Extra"]
[Source "ChessBase"]
[SourceDate "2010.10.29"]
[SourceVersion "1"]
[SourceVersionDate "2010.10.29"]
[SourceQuality "1"]

1. Nf3 c5 2. c4 Nf6 3. Nc3 e6 4. g3 b6 5. Bg2 Bb7 6. 0-0 a6 7. b3 Be7 8. Bb2 d6 9. d4 cxd4 10. Nxd4 Bxg2 11. Kxg2 Qc7 12. e4 Qb7 13. Re1 Nbd7 14. f3 0-0 15. Qe2 Rac8 16. Rad1 Rfe8 17. Nc2 Nf8 18. Ne3 h5 19. Rd2 Ng6 20. h4 Red8 21. Red1 Ne8 22. f4 Nf6 23. Qf3 Qb8 24. Ba3 b5 25. Bb2 Qb7 26. cxb5 axb5 27. e5 Qxf3+ 28. Kxf3 dxe5 29. Rxd8+ Bxd8 30. f5 b4 31. fxg6 bxc3 32. gxf7+ Kxf7 33. Bxc3 Rxc3 0-1

[Event "Ostrava op"]
[Site "Ostrava"]
[Date "2010.05.04"]
[Round "4"]
[White "Melzer, Petr"]
[Black "Siwek, Antonin"]
[Result "1/2-1/2"]
[WhiteElo "1690"]
[BlackElo "1940"]
[PlyCount "220"]
[EventDate "2010.05.01"]
[EventType "swiss"]
[EventRounds "9"]
[EventCountry "CZE"]
[SourceTitle "EXT 2011"]
[Source "ChessBase"]
[SourceDate "2010.11.26"]
[SourceVersion "1"]
[SourceVersionDate "2010.11.26"]
[SourceQuality "1"]

1. d4 d5 2. Nd2 Nf6 3. e3 e6 4. a3 Nbd7 5. Ngf3 Bd6 6. c4 c6 7. Qc2 0-0 8. Bd3 Re8 9. 0-0 Bf8 10. Re1 g6 11. Nf1 e5 12. dxe5 Nxe5 13. Nxe5 Rxe5 14. Ng3 Bg7 15. Bd2 Re8 16. Bc3 Be6 17. Rad1 Qc7 18. b3 Rad8 19. c5 Nd7 20. Bxg7 Kxg7 21. b4 f5 22. f4 Re7 23. Ne2 Rde8 24. Nd4 Nf6 25. Re2 Bc8 26. Rde1 h5 27. h3 Bd7 28. a4 Rc8 29. Qb2 b6 30. cxb6 axb6 31. Rc1 Qa7 32. Nf3 c5 33. bxc5 bxc5 34. Ne5 Be8 35. Qa1 c4 36. Ra2 Qxe3+ 37. Kh1 Rb8 38. Bxc4 dxc4 39. Rxc4 Reb7 40. Kh2 h4 41. Nf3 Rb1 42. Qd4 Qxd4 43. Rxd4 R1b4 44. Rxb4 Rxb4 45. a5 Rxf4 46. a6 Ra4 47. Rxa4 Bxa4 48. Nxh4 Nd7 49. Kg3 Kf6 50. Kf2 Bb5 51. a7 Bc6 52. g3 Nb6 53. Ke3 Nc8 54. g4 Nxa7 55. Nxg6 Kxg6 56. gxf5+ Kxf5 57. Kd4 Kg5 58. Kc5 Bg2 59. h4+ Kxh4 60. Kd4 Kg4 61. Ke5 Nb5 62. Kf6 Kf4 63. Kg6 Ke5 64. Kg5 Be4 65. Kh6 Kf6 66. Kh5 Bf5 67. Kh4 Nd6 68. Kg3 Ke5 69. Kf3 Nc4 70. Kg3 Nd6 71. Kf3 Ne8 72. Ke3 Nf6 73. Kd2 Kd4 74. Kc1 Kc3 75. Kd1 Bd3 76. Ke1 Ne4 77. Kd1 Nd6 78. Kc1 Nc4 79. Kd1 Nb2+ 80. Ke1 Bc2 81. Kf2 Kd4 82. Kf3 Be4+ 83. Kf4 Nc4 84. Kg5 Ke5 85. Kh6 Kf6 86. Kh5 Ne5 87. Kh4 Bf5 88. Kg3 Kg5 89. Kf2 Kf4 90. Ke2 Nc4 91. Kd1 Ke3 92. Kc1 Kd4 93. Kd1 Kd3 94. Kc1 Kc3 95. Kd1 Bd3 96. Ke1 Ne5 97. Kf2 Kd2 98. Kg3 Ke3 99. Kh4 Kf4 100. Kh5 Nf7 101. Kh4 Bg6 102. Kh3 Kf3 103. Kh4 Kf4 104. Kh3 Be4 105. Kh4 Bf3 106. Kh3 Ng5+ 107. Kh4 Ne4 108. Kh3 Kg5 109. Kh2 Kg4 110. Kg1 Be2 1/2-1/2

[Event "Ostrava op"]
[Site "Ostrava"]
[Date "2009.05.07"]
[Round "6"]
[White "Stehlik, Jiri"]
[Black "Siwek, Antonin"]
[Result "1/2-1/2"]
[WhiteElo "2065"]
[BlackElo "1980"]
[PlyCount "36"]
[EventDate "2009.05.02"]
[EventType "swiss"]
[EventRounds "9"]
[EventCountry "CZE"]
[SourceTitle "EXT 2011"]
[Source "ChessBase"]
[SourceDate "2010.11.26"]
[SourceVersion "1"]
[SourceVersionDate "2010.11.26"]
[SourceQuality "1"]

1. d4 d5 2. Nf3 Nf6 3. Bf4 c6 4. e3 e6 5. Bd3 Nbd7 6. 0-0 c5 7. c3 Be7 8. h3 0-0 9. Nbd2 b6 10. Ne5 Nxe5 11. dxe5 Nd7 12. Bg3 f6 13. exf6 Nxf6 14. Nf3 Bb7 15. Ne5 Bd6 16. Qe2 Qc7 17. f4 Bxe5 18. fxe5 Ne4 1/2-1/2

[Event "Ostrava op"]
[Site "Ostrava"]
[Date "2009.05.06"]
[Round "5"]
[White "Siwek, Antonin"]
[Black "Zemlicka, Vit"]
[Result "1-0"]
[WhiteElo "1980"]
[BlackElo "1870"]
[PlyCount "69"]
[EventDate "2009.05.02"]
[EventType "swiss"]
[EventRounds "9"]
[EventCountry "CZE"]
[SourceTitle "EXT 2011"]
[Source "ChessBase"]
[SourceDate "2010.11.26"]
[SourceVersion "1"]
[SourceVersionDate "2010.11.26"]
[SourceQuality "1"]

1. d4 d5 2. c4 e6 3. Nc3 Nf6 4. cxd5 exd5 5. Bg5 Be7 6. e3 c6 7. Bd3 0-0 8. Nge2 Re8 9. f3 Nh5 10. Bxe7 Qxe7 11. e4 dxe4 12. Nxe4 f5 13. N4g3 Nxg3 14. hxg3 Qb4+ 15. Qd2 Qxd4 16. 0-0-0 Qe3 17. Qxe3 Rxe3 18. Bc4+ Be6 19. Rd8+ Kf7 20. Bxe6+ Rxe6 21. Nd4 Re8 22. Rxe8 Kxe8 23. Ne6 Na6 24. Nxg7+ Kf7 25. Nxf5 Rd8 26. g4 Kg8 27. Rd1 Rxd1+ 28. Kxd1 Nb4 29. a3 Nd5 30. Kd2 b6 31. b4 Kf7 32. Nd4 Ne7 33. Kd3 Kf6 34. f4 h6 35. g3 1-0